Statistics for Bonnie and Clyde Musical - The World Will Remember Me - Missing Lyrics

Click here to take the quiz!

General Stats

  • This quiz has been taken 14 times
  • The average score is 23 of 29

Answer Stats

Character Line % Correct
ClydeThe men in this town live and die and are {forgotten}
100%
Where they talk about foreclosures every hot and {dusty} day
100%
I don't intend to {waste} my life 'round here
100%
Everyone'll know my {name}
100%
I got it all {mapped} out
92%
If I can pull just {three} jobs a year
92%
I'll be rich, i'll have {wealth} and fame
92%
ClydeLike Billy the {Kid} and Mr Capone
92%
Every kid will {idolise} Clyde Barrow! Ha ha
92%
And it doesn't seem to {scare} 'em
85%
I can't wait to get {away}
85%
And this world will {remember} me
77%
You've got that 'It {Girl}' look
77%
Yes, this world will {remember} me
77%
Is that this world will {remember} me
77%
Away from the {drought} and the homeless and the hungry
77%
You and this world {remember} me
77%
ClydeDon't you think it's time that you lost that {egg}-stained apron
69%
ClydeYour face should be up on the silver {screen}
69%
One thing, young lady, I {guarantee}
69%
ClydeWe are wasted 'round here, we're too {good} for this place
69%
We weren't born to live and {die} in Texas
69%
This is my plan, there's no Plan {B}
69%
Yes, I can see you in a car with your own {driver}
62%
You are headed to your penthouse that will overlook the {shore}
62%
BonnieI can't believe that you {see} that in me
62%
I always knew I'd be a {star}
62%
How {intelligent} you are!
62%
And wore somethin' made of satin from a fine {Manhattan} store?
54%

Score Distribution

Percentile by Number Answered

Percent of People with Each Score

Your Score History

You have not taken this quiz